Chaewon In Every MV - Statistics

General Stats
  • This quiz has been taken 45 times
  • The average score is 9 of 18
Answer Stats
Picture Answer % Correct
Easy
91%
Smart
91%
Antifragile
88%
Crazy
88%
Unforgiven
88%
Fearless
78%
Perfect Night
66%
Eve, Psyche & The Bluebeard's Wife
59%
Impurities
53%
La Vie en Rose
53%
Secret Story Of The Swan
44%
Fiesta
38%
Panorama
34%
Vampire
25%
Violeta
25%
D-D-Dance
13%
Beware
3%
Buenos Aires
3%
No matching quizzes found
Score Distribution
Percent of People with Each Score
Percentile by Number Answered
Your Score History
You have not taken this quiz